| 000 | 01213cam a2200349 i 4500 | ||
|---|---|---|---|
| 001 | 200441491 | ||
| 999 |
_c200441491 _d59703 |
||
| 003 | TR-AnTOB | ||
| 005 | 20240824073709.0 | ||
| 007 | ta | ||
| 008 | 880222s1987 fr a b 00010 eng d | ||
| 020 | _a9264130373 | ||
| 040 |
_aTXA _beng _erda _cTXA _dTR-AnTOB |
||
| 041 | 0 | _aeng | |
| 050 | 0 | 4 |
_bHF1411 _a.C67 1987 |
| 090 |
_aHF1411 _b.C67 1987 |
||
| 245 | 0 | 4 |
_aThe costs of restricting imports : _bthe automobile industry. |
| 264 | 1 |
_aParis, France : _bOrganisation for Economic Co-operation and Development, _c1987. |
|
| 264 | 2 |
_a[Washington, D.C. : _bOECD Publications and Information Centre,distributor], _c1987. |
|
| 300 |
_a173 pages : _billustrations ; _c23 cm |
||
| 336 |
_2rdacontent _atext _btxt |
||
| 337 |
_2rdamedia _aunmediated _bn |
||
| 338 |
_2rdacarrier _avolume _bnc |
||
| 500 | _aPublished in France under title: Le cot des restrictions | ||
| 501 | _al'importation : l'industrie automobile. | ||
| 504 | _aBIB | ||
| 650 | 0 |
_aAutomobile industry and trade _9112308 |
|
| 650 | 0 |
_aImport quotas _9139380 |
|
| 710 | 2 | 0 |
_aOrganisation for Economic Co-operation and Development _933753 |
| 942 |
_2lcc _cBK |
||